Gazi'nin vecizeleri (Record no. 3489)

MARC details
000 -BAŞLIK
Sabit Uzunlukta Kontrol Alanı 00596na a2200205 4500
001 - KONTROL NUMARASI
Denetim Alanı 14776
003 - KONTROL NUMARASI IDENTIFIER
Denetim Alanı MIRAKIL
005 - SON İŞLEM TARİHİ VE ZAMANI
Denetim Alanı 20181213154933.0
008 - SABİT-BOY VERİ ELEMANLARI - GENEL BİLGİLER
Sabit Uzunlukta Kontrol Alanı 160920b tu 000 0
035 ## - SİSTEM KONTROL NUMARASI
Sistem Kontrol Numarası 14776
040 ## - KATALOGLAMA KAYNAK
Orijinal Kataloglama Ajansı Milas
Kataloglama Dili tur
Metne Dönüştürmek Ajansı TR-AnCHP
082 ## - DEWEY ONLU SINIFLANDIRMA NUMARASI
Sınıflandırma Numarası ATA 923.156
Ürün Numarası G29 1930
090 ## - SINIFLAMA NUMARASI
Sınıflama Numarası ATA 923.156 G29 1930
245 ## - BAŞLIK TABLOSU
Başlık Gazi'nin vecizeleri
Sorumluluk Tablosu, Vb cem ve telfik eden M. Agah
260 ## - YAYIN, DAĞITIM, VB
Yayın, Dağıtım, Vb Yeri İstanbul
Yayıncı, Dağıtıcı, Vs Adı [Cumhuriyet Gazetesi]
Yayın, Dağıtım, Vb Tarihi 1930
300 ## - FİZİKSEL TANIM
Kapsam 127 s.
Diğer Fiziksel Ayrıntıları fotg.
Boyutlar 17 sm.
600 ## - KONU KATMA GİRİŞ - KURUMSAL ADI
Kişisel Ad Atatürk, Mustafa Kemal
Bir Adıyla İlişkilendirilen Tarihler 1881-1938
Genel Alt Bölümü Siyasal ve sosyal görüşler
700 ## - KATMA GİRİŞ - KİŞİSEL İSİM
Kişisel Ad Agah, M.
942 ## - EKLENDİ GİRİŞ ELEMANLARI (KOHA)
Sınıflandırma Veya Raf Düzeni Kaynak
Koha Öğesi Türü Books
999 ## - SİSTEM KONTROL NUMARALARI (KOHA)
Koha Biblionumber 3489
Koha Biblioitemnumber 3489
Holdings
Kalıcı Konum Mevcut Konum Edinme Tarihi Edinim Kaynak Toplam Check-Out'Lar Tam Çağrı Numarası Barkod Tarih Son Görülme İtibaren Geçerli Fiyatlar Koha Öğesi Türü
CHP Kütüphanesi CHP Kütüphanesi 08/31/2016 Bağış   ATA 923.156 G29 1930 002669 08/31/2016 08/31/2016 Books